000 00670nam a22001697a 4500
005 20150731020002.0
008 140924b ck ||||| |||| 00| 0 spa d
041 _aspa
044 _ack
082 0 4 _a599.756
_bF31f
245 0 4 _aLos félidos silvestres en la jurisdicción Corpoguavio :
_bevaluación de las poblaciones de félidos silvestres e implementación de la estrategia para su conservación en la jurisdicción de Corpoguavio.
260 _aBogotá :
_bCorpoguavio,
_bFundación Vida Silvestre neotropical,
_c2009.
300 _a56 p.
_bil. (col)
_c24 cm.
650 4 _aFelinos
_zColombia
_927234
650 4 _aFelinos silvestres
_99976
942 _2ddc
_cLIBRO
_01
999 _c8730
_d8730